Teoretické aspekty konkurenceschopnosti regionů

Cieľom príspevku je analyzovať teoretické pozadie a zhrnúť kľúčové poznatky a metódy regionálnej konkurencieschopnosti. Podstatou tohto literárneho prieskumu je poskytnúť základ pre budúci výskum, ktorý sa bude zaoberať meraním konkurencieschopnosti a ekonomickej úrovne regiónov. Hoci existuje celý...

Full description

Saved in:
Bibliographic Details
Main Author: Vaníček, Bernard
Format: Book Chapter
Language:Czech
Subjects:
Tags: Add Tag
No Tags, Be the first to tag this record!

MARC

LEADER 00000naa$a2200000$$$4500
001 0280656
005 20260205150916.7
041 0 |a cze 
044 |a SK 
245 1 0 |a Teoretické aspekty konkurenceschopnosti regionů  |c Bernard Vaníček 
520 |a Cieľom príspevku je analyzovať teoretické pozadie a zhrnúť kľúčové poznatky a metódy regionálnej konkurencieschopnosti. Podstatou tohto literárneho prieskumu je poskytnúť základ pre budúci výskum, ktorý sa bude zaoberať meraním konkurencieschopnosti a ekonomickej úrovne regiónov. Hoci existuje celý rad štúdií zaoberajúcich sa touto problematikou, táto práca vytvára pomerne pevný základ, ktorý bude slúžiť ako východiskový bod pre budúci výskum. Na základe výskumu možno konštatovať, že HDP a miera zamestnanosti každého regiónu sa javili ako najviac zastúpené premenné. Väčšina štúdií potom použila metódy založené na modeli RCI. 
610 2 0 |a regióny 
610 2 0 |a konkurencieschopnosť 
610 2 0 |a ukazovatele makroekonomické 
610 2 0 |a produkt domáci hrubý 
610 2 0 |a miera zamestnanosti 
610 2 0 |a metódy štatistické 
610 2 0 |a štúdie prehľadové 
610 2 0 |a rešerše 
100 1 |a Vaníček, Bernard